| 000 | 00368cam a22001217a 4500 | ||
|---|---|---|---|
| 008 | 180718b1963 xxu||||| |||| 00| 0 eng d | ||
| 082 | _aT4481x73 L873 | ||
| 100 | _aLoomis, John E. | ||
| 245 |
_aPublic money sources for overseas trade and investment _cby John E. Loomis |
||
| 260 |
_aWashington, D.C. _bBNA _c1963 |
||
| 300 | _a243p. | ||
| 650 | _aExport Loans, Government | ||
| 999 |
_c372482 _d372482 |
||